| 000 | 00000nam##2200000za#4500 |
| 001 | 9.665292 |
| 003 | CaOODSP |
| 005 | 20210615122138 |
| 007 | ta |
| 008 | 150407|2004||||xxc||||| f|0| 0 fre|d |
| 020 | |a0-662-67945-8 |
| 040 | |aCaOODSP|bfre |
| 041 | |aeng |
| 041 | |afre |
| 043 | |an-cn--- |
| 086 | 1 |aT52-4/4-2004 |
| 110 | 1 |aCanada.|bTransports Canada. |bAviation civile. |
| 245 | 10|aAviation - santé et sécurité au travail à bord des aéronefs |
| 260 | |aOttawa - Ontario : |bTransports Canada. |c2004. |
| 300 | |a1 feuille pliée ([3]p.) : |bphotographies ; |c22 cm. |
| 500 | |aL'ISBN imprimé dans cette publication est incorrect. |
| 563 | |aDépliant |
| 590 | |a06-23|b2006-06-09 |
| 691 | 07|aIndustrie de l'aéronautique|2gcpds |
| 776 | 0#|tAviation Occupational Health and Safety on board aircraft |w(CaOODSP)9.674497 |
| 791 | |tAviation occupational health and safety on board air craft |eeng|w(CaOODSP)9.665291 |
| 986 | |aTP 14215B (03/2004) |